01263nam a2200325 a 450000100100000000500170001000800410002704000250006808200180009324500830011126000570019430000210025149000150027250001510028765000400043870000250047870000310050370000390053470000240057370000320059770000260062970000310065570000230068670000290070970000290073883000210076704900100078895201220079899900170092000002506320250526115843.0110209s1975 ve r 000 0 spa d aDO-SdBNPbspacBNPHU a301.243bS67801aLa sociedad tecnológica :bcamino al desastre? /cOskar Schatz ... [et al.]. aCaracas, Venezuela :bMonte Ávila Editores,c1975. a233 p. ;c18 cm.1 aLetra viva aColoquio realizado en Salzburgo, Austria sobre las contradicciones de la sociedad tecnológica desde el punto de vista crítico y humanístico. 4aTecnologíaxAspecto social9496271 aSchatz, Oskar9514271 aRein, Mercedesetr.9514281 aMarcuse, Herbert,d1898-1979951281 aFromm, Erich9514291 aSiguan Soler, Miguel9514301 aLeser, Norbert9514311 aHeimendahl, Eckhart9514321 aKofler, Leo9514331 aRosenberg, Alfons9514341 aMarcovic, Mihailo951435 0aLetra viva95252 aBNPHU 001054708MOaGRbGRcCTd2011-02-09iLF1l0o301.243 S678p25063-10r2020-06-25w2020-06-25y4ZPréstamo en sala c24556d24556